Marketing myšlienok

Saved in:
Bibliographic Details
Main Author: Tuma, Miroslav
Format: Book
Language:Slovak
Published: Banská Bystrica ÚPV SR 2002
Series:Vzdelávanie
Subjects:
Tags: Add Tag
No Tags, Be the first to tag this record!

MARC

LEADER 00000nam$a2200000$$$4500
001 0010124
005 20240314091225.1
020 |a 80-88994-16-0 
041 0 |a slo 
044 |a SK 
245 1 0 |a Marketing myšlienok  |c Miroslav Tuma 
264 1 |a Banská Bystrica  |b ÚPV SR  |c 2002 
300 |a 190 s. 
490 1 |a Vzdelávanie 
830 0 |a Vzdelávanie 
610 2 0 |a marketing 
610 2 0 |a vlastníctvo duševné 
610 2 0 |a služby 
610 2 0 |a vlastníctvo priemyselné 
610 2 0 |a marketing služieb 
610 2 0 |a stratégia marketingová 
610 2 0 |a portfólio 
610 2 0 |a modely 
610 2 0 |a marketing mix 
610 2 0 |a informácie 
610 2 0 |a zdroje informácií 
100 1 |a Tuma, Miroslav